000 00494nam a2200181Ia 4500
003 GCL
005 20240530100851.0
008 140319s9999 xx 000 0 eng d
040 _aGCL /
_cGCL
082 0 4 _a797.21
_bM S
100 1 _aMAGLISCHO,ERNEST W
245 1 0 _aSWIMMING EVEN FASTER /
_cMAGLICHO,ERMEST W
260 _a[S.N] :
_bMAYFIELD PUBLISHING COMPANY ،
_c1993
300 _a755 P
650 0 4 _aSWIMMING TRAINING
650 0 4 _aSWIMMING PHYSIALOGICAL ASPECTS
942 _2ddc
_cBK
999 _c21912
_d21912